[Event "WchT Seniors 50"]
[Site "Prague"]
[Date "2020.03.11"]
[Round "6.4"]
[White "Cejkova, Miroslava"]
[Black "Tahkavuori, Tapani"]
[Result "1/2-1/2"]
[WhiteElo "1998"]
[BlackElo "2064"]
[PlyCount "90"]
[EventDate "2020.03.06"]
[EventType "team-swiss"]
[EventRounds "7"]
[EventCountry "CZE"]
[SourceTitle "CBM 195 Extra"]
[Source "ChessBase"]
[SourceDate "2020.05.31"]
[SourceVersion "1"]
[SourceVersionDate "2020.05.31"]
[SourceQuality "1"]
[WhiteTeam "Czech Republic 50 (W)"]
[BlackTeam "Finland 50"]
[WhiteTeamCountry "CZE"]
[BlackTeamCountry "FIN"]

1. e4 c5 2. Nc3 Nc6 3. g3 g6 4. Bg2 Bg7 5. d3 e6 6. f4 d6 7. Nf3 Nge7 8. 0-0 0-0 9. Be3 Nd4 10. e5 Nec6 11. Ne4 dxe5 12. Nxe5 f5 13. Nxc5 Nxe5 14. fxe5 Bxe5 15. c3 Nc6 16. d4 Bf6 17. b4 Re8 18. Qb3 Kg7 19. Rad1 Bg5 20. Rfe1 Bxe3+ 21. Rxe3 Qg5 22. Nxe6+ Bxe6 23. Rxe6 Re7 24. Rde1 Rae8 25. d5 Nd8 26. Rxe7+ Rxe7 27. Rxe7+ Qxe7 28. Kf2 f4 29. c4 Qf6 30. c5 Qd4+ 31. Kf3 g5 32. gxf4 Qxf4+ 33. Ke2 Nf7 34. d6 Qxh2 35. Qh3 Qe5+ 36. Qe3 Qb2+ 37. Qd2 Qe5+ 38. Kf2 Qf5+ 39. Ke2 Ne5 40. Qd4 Qc2+ 41. Kf1 Qf5+ 42. Ke2 Qc2+ 43. Ke1 Qb1+ 44. Kf2 Qf5+ 45. Ke2 Qc2+ 1/2-1/2

[Event "WchT Seniors 50"]
[Site "Prague"]
[Date "2020.03.10"]
[Round "5.21"]
[White "Tahkavuori, Tapani"]
[Black "Kuda, Pavel"]
[Result "1-0"]
[WhiteElo "2064"]
[BlackElo "1421"]
[PlyCount "56"]
[EventDate "2020.03.06"]
[EventType "team-swiss"]
[EventRounds "7"]
[EventCountry "CZE"]
[SourceTitle "CBM 195 Extra"]
[Source "ChessBase"]
[SourceDate "2020.05.31"]
[SourceVersion "1"]
[SourceVersionDate "2020.05.31"]
[SourceQuality "1"]
[WhiteTeam "Finland 50"]
[BlackTeam "Czech Republic 50 XV"]
[WhiteTeamCountry "FIN"]
[BlackTeamCountry "CZE"]

1. Nf3 Nc6 2. d4 d5 3. c4 Nf6 4. cxd5 Qxd5 5. Nc3 Qa5 6. Bd2 e6 7. e4 Bb4 8. a3 Bxc3 9. Bxc3 Qh5 10. d5 exd5 11. Bxf6 gxf6 12. Qxd5 Qxd5 13. exd5 Ne7 14. 0-0-0 Bg4 15. Bb5+ Kf8 16. d6 cxd6 17. Rxd6 Rc8+ 18. Kb1 Kg7 19. Bd7 Rcd8 20. Rhd1 Nf5 21. R6d3 h5 22. h3 Bxf3 23. Rxf3 Nh4 24. Rc3 Ng6 25. Rc7 Rhe8 26. Bxe8 Rxd1+ 27. Kc2 Rf1 28. Rxf7+ Kh6 1-0

[Event "WchT Seniors 50"]
[Site "Prague"]
[Date "2020.03.06"]
[Round "1.18"]
[White "Tahkavuori, Tapani"]
[Black "Carsten, Juergen"]
[Result "1/2-1/2"]
[WhiteElo "2064"]
[BlackElo "1781"]
[PlyCount "34"]
[EventDate "2020.03.06"]
[EventType "team-swiss"]
[EventRounds "7"]
[EventCountry "CZE"]
[SourceTitle "CBM 195 Extra"]
[Source "ChessBase"]
[SourceDate "2020.05.31"]
[SourceVersion "1"]
[SourceVersionDate "2020.05.31"]
[SourceQuality "1"]
[WhiteTeam "Finland 50"]
[BlackTeam "Germany 50 X"]
[WhiteTeamCountry "FIN"]
[BlackTeamCountry "GER"]

1. Nf3 d5 2. d4 g6 3. c4 c6 4. Nc3 Nf6 5. Bg5 Bg7 6. e3 0-0 7. Qb3 Ne4 8. Nxe4 dxe4 9. Nd2 Qc7 10. Nxe4 Bf5 11. Nc3 e5 12. d5 Na6 13. e4 Nc5 14. Qc2 Nxe4 15. Nxe4 cxd5 16. Bd3 dxe4 17. Bxe4 Be6 1/2-1/2

[Event "FIN-chT1B 1819"]
[Site "Finland"]
[Date "2019.04.06"]
[Round "7.3"]
[White "Hynninen, Juha"]
[Black "Tahkavuori, Tapani"]
[Result "1-0"]
[WhiteElo "2235"]
[BlackElo "2079"]
[PlyCount "83"]
[EventDate "2018.09.15"]
[EventType "team-tourn"]
[EventRounds "7"]
[EventCountry "FIN"]
[SourceTitle "EXT 2020"]
[Source "ChessBase"]
[SourceDate "2019.10.17"]
[SourceVersion "1"]
[SourceVersionDate "2019.10.17"]
[SourceQuality "1"]
[WhiteTeam "Vantaa Gambitti"]
[BlackTeam "Vantaa EtVaS II"]
[WhiteTeamCountry "FIN"]
[BlackTeamCountry "FIN"]

1. d4 d5 2. c4 c6 3. Nf3 Nf6 4. Nc3 e6 5. e3 Nbd7 6. Qc2 Bd6 7. Bd3 0-0 8. 0-0 dxc4 9. Bxc4 e5 10. h3 exd4 11. exd4 Nb6 12. Bb3 h6 13. Rd1 Nbd5 14. a3 Be6 15. Na4 Qc8 16. Qd3 Bf5 17. Qf1 Re8 18. Nc5 Qc7 19. Nd3 Re7 20. Nde5 Rae8 21. Nc4 Bf4 22. Nfe5 Be4 23. g3 b5 24. gxf4 bxc4 25. Bxc4 Qc8 26. f3 Bc2 27. Re1 Qf5 28. Qf2 Nxf4 29. Bxf4 Qxf4 30. Bxf7+ Rxf7 31. Nxf7 Rxe1+ 32. Rxe1 Bf5 33. Ne5 Bxh3 34. Nxc6 Qg5+ 35. Kh2 Bd7 36. Ne5 Qf5 37. Re2 Bb5 38. Rc2 Nh5 39. Rc5 Qf4+ 40. Kg2 Qg5+ 41. Ng4 Nf4+ 42. Kh2 1-0

[Event "FIN-chT2 Gp1 1819"]
[Site "Finland"]
[Date "2018.09.16"]
[Round "2.1"]
[White "Chernyak, Viktoria"]
[Black "Tahkavuori, Tapani"]
[Result "1/2-1/2"]
[WhiteElo "2206"]
[BlackElo "2079"]
[PlyCount "98"]
[EventDate "2018.09.15"]
[EventType "team-tourn"]
[EventRounds "6"]
[EventCountry "FIN"]
[SourceTitle "EXT 2020"]
[Source "ChessBase"]
[SourceDate "2019.10.17"]
[SourceVersion "1"]
[SourceVersionDate "2019.10.17"]
[SourceQuality "1"]
[WhiteTeam "Espoo ESK"]
[BlackTeam "Vantaa EtVaS III"]
[WhiteTeamCountry "FIN"]
[BlackTeamCountry "FIN"]

1. d4 c5 2. e3 cxd4 3. exd4 d5 4. Bd3 Nf6 5. c3 Nc6 6. Ne2 Bg4 7. 0-0 e6 8. Qe1 Bd6 9. Ng3 Nh5 10. Nf5 Bxf5 11. Bxf5 0-0 12. Bg4 Qh4 13. h3 Rae8 14. Be3 f5 15. Bxh5 Qxh5 16. f4 Kh8 17. Qd1 Qh4 18. Nd2 Ne7 19. Nf3 Qh6 20. Ne5 Ng8 21. Qa4 Nf6 22. Qxa7 Bxe5 23. dxe5 Ne4 24. a4 Qh4 25. a5 g5 26. Bf2 Qh5 27. Qe3 Rg8 28. fxg5 Rxg5 29. Kh2 Reg8 30. Rg1 f4 31. Qxf4 Rf5 32. Qh4 Nxf2 33. Qxh5 Rxh5 34. Rgf1 Ng4+ 35. Kh1 Nxe5 36. Rf6 Nd3 37. b4 Re5 38. Rf7 Re2 39. Rg1 Rb8 40. Rgf1 e5 41. Rd7 Rf2 42. Ra1 e4 43. a6 bxa6 44. Rxa6 Rg8 45. g4 Rc8 46. Raa7 d4 47. Rxh7+ Kg8 48. Rhg7+ Kf8 49. Rh7 Kg8 1/2-1/2

[Event "FIN-chT1B 1415"]
[Site "Finland"]
[Date "2015.01.10"]
[Round "5.6"]
[White "Uimonen, Matti"]
[Black "Tahkavuori, Tapani"]
[Result "0-1"]
[WhiteElo "2104"]
[BlackElo "2085"]
[PlyCount "46"]
[EventDate "2014.09.27"]
[EventType "team-tourn"]
[EventRounds "7"]
[EventCountry "FIN"]
[SourceTitle "EXT 2017"]
[Source "ChessBase"]
[SourceDate "2016.10.25"]
[SourceVersion "1"]
[SourceVersionDate "2016.10.25"]
[SourceQuality "1"]
[WhiteTeam "Helsinki HSK II"]
[BlackTeam "Vantaa EtVaS II"]
[WhiteTeamCountry "FIN"]
[BlackTeamCountry "FIN"]

1. d4 d5 2. c4 c6 3. Nc3 Nf6 4. e3 e6 5. Nf3 Nbd7 6. Bd3 Bd6 7. 0-0 0-0 8. Qe2 dxc4 9. Bxc4 e5 10. d5 cxd5 11. Nxd5 Nxd5 12. Bxd5 Nf6 13. Bb3 e4 14. Nd4 Bxh2+ 15. Kh1 Ng4 16. g3 Qg5 17. f3 Bxg3 18. fxg4 Bxg4 19. Qd2 Rad8 20. Qg2 Qh4+ 21. Kg1 Bh3 22. Qh1 Be5 23. Ne2 Rd6 0-1

[Event "FIN Team Cup"]
[Site "Finland"]
[Date "2013.04.20"]
[Round "2.2"]
[White "Nazarova, Anastasia"]
[Black "Tahkavuori, Tapani"]
[Result "0-1"]
[WhiteElo "1685"]
[BlackElo "2075"]
[PlyCount "77"]
[EventDate "2013.04.06"]
[EventType "team-k.o."]
[EventRounds "6"]
[EventCountry "FIN"]
[SourceTitle "EXT 2022"]
[Source "ChessBase"]
[SourceDate "2021.10.06"]
[SourceVersion "1"]
[SourceVersionDate "2021.10.06"]
[SourceQuality "1"]
[WhiteTeam "Espoo SK II"]
[BlackTeam "Helsinki X"]
[WhiteTeamCountry "FIN"]
[BlackTeamCountry "FIN"]

1. e4 e5 2. Nf3 Nc6 3. Nc3 Nf6 4. d4 exd4 5. Nxd4 Bb4 6. Nxc6 bxc6 7. Bd3 0-0 8. 0-0 Re8 9. Re1 d5 10. Bg5 dxe4 11. Rxe4 Bxc3 12. Rxe8+ Qxe8 13. bxc3 Qe5 14. Qd2 Ng4 15. Bf4 Qa5 16. Be4 Be6 17. Rd1 g5 18. Bxg5 Qe5 19. Qf4 a5 20. h3 Qxf4 21. Bxf4 Nf6 22. Bxc6 Ra6 23. Bb5 Rb6 24. c4 c6 25. Rd8+ Kg7 26. Be3 Rb7 27. Bxc6 Rb2 28. Bd5 Rxa2 29. Bd4 Rxc2 30. Rd6 Rc1+ 31. Kh2 Re1 32. f4 Kg6 33. Be5 Ne4 34. Ra6 h5 35. Bxe6 fxe6 36. Rxe6+ Kf5 37. Rh6 Nf2 38. Rxh5+ Ke4 39. g4 0-1

[Event "Vantaa We EtVaS"]
[Site "Vantaa"]
[Date "2010.??.??"]
[Round "1"]
[White "Alkkiomaki, Jyrki"]
[Black "Tahkavuori, Tapani"]
[Result "1-0"]
[WhiteElo "2040"]
[BlackElo "2055"]
[PlyCount "55"]
[EventDate "2010.??.??"]
[EventType "swiss"]
[EventRounds "5"]
[EventCountry "FIN"]
[SourceTitle "EXT 2022"]
[Source "ChessBase"]
[SourceDate "2021.10.06"]
[SourceVersion "1"]
[SourceVersionDate "2021.10.06"]
[SourceQuality "1"]

1. e4 c5 2. Nf3 Nc6 3. d4 cxd4 4. Nxd4 e5 5. Nb5 Nf6 6. N1c3 d6 7. Bg5 a6 8. Na3 Be6 9. Nc4 Rc8 10. Bxf6 gxf6 11. Ne3 Nd4 12. Bd3 Bh6 13. Qh5 Bxe3 14. fxe3 Qb6 15. 0-0 Qxb2 16. exd4 Rxc3 17. d5 Bc8 18. Rab1 Qa3 19. Rxf6 Rc7 20. Rbf1 Rf8 21. Qh6 Qxa2 22. Rxd6 Bd7 23. Qf6 Qb2 24. Rb6 Qd4+ 25. Kh1 a5 26. d6 Be6 27. dxc7 Qxb6 28. Qd8# 1-0

[Event "Helsinki Redsven Memorial"]
[Site "Helsinki"]
[Date "2010.??.??"]
[Round "4"]
[White "Immonen, Vihtori"]
[Black "Tahkavuori, Tapani"]
[Result "1-0"]
[WhiteElo "1926"]
[BlackElo "2055"]
[PlyCount "125"]
[EventDate "2010.??.??"]
[EventType "swiss"]
[EventRounds "5"]
[EventCountry "FIN"]
[SourceTitle "EXT 2022"]
[Source "ChessBase"]
[SourceDate "2021.10.06"]
[SourceVersion "1"]
[SourceVersionDate "2021.10.06"]
[SourceQuality "1"]

1. e4 c6 2. d4 d5 3. Nc3 dxe4 4. Nxe4 Nd7 5. Ne2 e5 6. dxe5 Qa5+ 7. N2c3 Qxe5 8. Be2 Ngf6 9. Ng5 Bb4 10. Bd2 Bxc3 11. bxc3 0-0 12. 0-0 Nc5 13. Nf3 Qc7 14. Be3 Nce4 15. Bd4 Bg4 16. h3 Bh5 17. Re1 Rad8 18. Qc1 c5 19. Be5 Qc6 20. Qb2 a6 21. Bxf6 Nxf6 22. Ne5 Qc7 23. Bxh5 Nxh5 24. Rab1 Rd2 25. Qxb7 Qxb7 26. Rxb7 Rxc2 27. Nd7 Rd8 28. Nxc5 Rxa2 29. Ree7 Rf8 30. Nd7 Rd8 31. Ne5 Ra1+ 32. Kh2 Re1 33. Nxf7 Rxe7 34. Rxe7 Rd2 35. Ra7 Rxf2 36. Nd6 g5 37. Ne4 Rc2 38. Nxg5 Nf4 39. Kg3 Nxg2 40. Nxh7 Ne3 41. Nf6+ Kf8 42. Ne4 Nd5 43. Ra8+ Ke7 44. Rc8 Re2 45. Rc4 Re3+ 46. Kh4 a5 47. Kg4 Ke6 48. Ng5+ Kd6 49. Rd4 Rxc3 50. Ne4+ Ke5 51. Rxd5+ Kxe4 52. Rxa5 Rc1 53. h4 Rg1+ 54. Kh5 Kf4 55. Kh6 Rg8 56. h5 Rh8+ 57. Kg7 Rb8 58. Ra7 Kg5 59. h6 Rb6 60. h7 Rg6+ 61. Kf8 Rh6 62. Kg8 Rg6+ 63. Rg7 1-0

[Event "Helsinki Redsven Memorial"]
[Site "Helsinki"]
[Date "2010.??.??"]
[Round "5"]
[White "Tahkavuori, Tapani"]
[Black "Ebeling, Daniel"]
[Result "1/2-1/2"]
[WhiteElo "2055"]
[BlackElo "1978"]
[PlyCount "79"]
[EventDate "2010.??.??"]
[EventType "swiss"]
[EventRounds "5"]
[EventCountry "FIN"]
[SourceTitle "EXT 2022"]
[Source "ChessBase"]
[SourceDate "2021.10.06"]
[SourceVersion "1"]
[SourceVersionDate "2021.10.06"]
[SourceQuality "1"]

1. d4 d5 2. Nf3 Nf6 3. c4 c6 4. e3 Bf5 5. Nbd2 e6 6. b3 Bb4 7. Bb2 Ne4 8. a3 Bc3 9. Bxc3 Nxc3 10. Qc1 Ne4 11. Nxe4 Bxe4 12. Be2 Nd7 13. 0-0 0-0 14. Qc3 Qe7 15. Rfe1 h6 16. Nd2 Bg6 17. Bd3 Bxd3 18. Qxd3 dxc4 19. bxc4 e5 20. Rab1 b6 21. f4 Rad8 22. fxe5 Nxe5 23. Qc3 Ng6 24. a4 Qd7 25. c5 Ne7 26. cxb6 axb6 27. Nc4 Nd5 28. Qd2 c5 29. Nxb6 Nxb6 30. Rxb6 Qxa4 31. d5 Qe4 32. d6 Rfe8 33. d7 Re6 34. Rxe6 Qxe6 35. Rd1 c4 36. Qd4 Kh7 37. Kf2 c3 38. Qd3+ g6 39. Qxc3 Rxd7 40. Rxd7 1/2-1/2

[Event "Helsinki We X"]
[Site "Helsinki"]
[Date "2009.??.??"]
[Round "5"]
[White "Auvinen, Esa"]
[Black "Tahkavuori, Tapani"]
[Result "1/2-1/2"]
[WhiteElo "2032"]
[BlackElo "2057"]
[PlyCount "36"]
[EventDate "2009.??.??"]
[EventType "swiss"]
[EventRounds "5"]
[EventCountry "FIN"]
[SourceTitle "EXT 2022"]
[Source "ChessBase"]
[SourceDate "2021.10.06"]
[SourceVersion "1"]
[SourceVersionDate "2021.10.06"]
[SourceQuality "1"]

1. e4 c5 2. Nf3 Nc6 3. d4 cxd4 4. Nxd4 d5 5. exd5 Qxd5 6. Nxc6 Qxd1+ 7. Kxd1 bxc6 8. Bd3 e5 9. Be3 f5 10. f3 Nf6 11. Nd2 Bd6 12. Re1 0-0 13. Bg1 Re8 14. Nc4 Bc7 15. c3 e4 16. fxe4 fxe4 17. Bf1 Bf5 18. Ne3 Bg6 1/2-1/2

[Event "Helsinki We X"]
[Site "Helsinki"]
[Date "2009.??.??"]
[Round "2"]
[White "Tahkavuori, Tapani"]
[Black "Niemi, Mikko"]
[Result "0-1"]
[WhiteElo "2057"]
[BlackElo "2202"]
[PlyCount "81"]
[EventDate "2009.??.??"]
[EventType "swiss"]
[EventRounds "5"]
[EventCountry "FIN"]
[SourceTitle "EXT 2022"]
[Source "ChessBase"]
[SourceDate "2021.10.06"]
[SourceVersion "1"]
[SourceVersionDate "2021.10.06"]
[SourceQuality "1"]

1. c4 d6 2. g3 e5 3. Bg2 f5 4. d4 c6 5. dxe5 dxe5 6. Qxd8+ Kxd8 7. e4 Nf6 8. Nc3 Be6 9. b3 Nbd7 10. exf5 Bxf5 11. Nge2 Kc7 12. h3 h5 13. Be3 Bc5 14. 0-0 Bxe3 15. fxe3 Bg6 16. Rad1 Rad8 17. b4 Nb6 18. c5 Nc4 19. e4 Ne3 20. Rxd8 Rxd8 21. Rf3 Nxg2 22. Kxg2 Nxe4 23. Re3 Nxc3 24. Nxc3 Rd3 25. Rxd3 Bxd3 26. Kf3 Kd7 27. g4 h4 28. Nd1 Bf1 29. Ne3 Bxh3 30. Kf2 Ke6 31. Kg1 g5 32. Kh2 Bxg4 33. Nxg4 Kf5 34. Ne3+ Kf4 35. Nd5+ cxd5 36. b5 Kf5 37. a4 Ke6 38. a5 Kd7 39. c6+ bxc6 40. b6 axb6 41. a6 0-1

[Event "Helsinki We X"]
[Site "Helsinki"]
[Date "2009.??.??"]
[Round "4"]
[White "Tahkavuori, Tapani"]
[Black "Sipila, Vilka"]
[Result "0-1"]
[WhiteElo "2057"]
[BlackElo "2036"]
[PlyCount "54"]
[EventDate "2009.??.??"]
[EventType "swiss"]
[EventRounds "5"]
[EventCountry "FIN"]
[SourceTitle "EXT 2022"]
[Source "ChessBase"]
[SourceDate "2021.10.06"]
[SourceVersion "1"]
[SourceVersionDate "2021.10.06"]
[SourceQuality "1"]

1. d4 b5 2. e4 Bb7 3. Bxb5 Bxe4 4. Nf3 Nf6 5. 0-0 e6 6. Re1 Be7 7. c4 0-0 8. Nc3 Bb7 9. Ba4 d5 10. c5 Ne4 11. Bc2 Nd7 12. Bf4 g5 13. Bg3 f5 14. Ne5 f4 15. Nxe4 Nxe5 16. Nxg5 Bxg5 17. Rxe5 fxg3 18. hxg3 Qf6 19. f4 Bh6 20. Qh5 Bc8 21. Kf2 Rb8 22. b3 Kg7 23. Rh1 Rh8 24. Rh4 Bd7 25. Rg4+ Kf8 26. Rh4 Bg7 27. Bxh7 Qf7 0-1

[Event "FIN-chT1B 0708"]
[Site "Finland"]
[Date "2008.01.12"]
[Round "5.2"]
[White "Tahkavuori, Tapani"]
[Black "Hurme, Harri M"]
[Result "0-1"]
[WhiteElo "2065"]
[BlackElo "2206"]
[PlyCount "72"]
[EventDate "2007.09.15"]
[EventType "team-tourn"]
[EventRounds "7"]
[EventCountry "FIN"]
[SourceTitle "EXT 2022"]
[Source "ChessBase"]
[SourceDate "2021.10.06"]
[SourceVersion "1"]
[SourceVersionDate "2021.10.06"]
[SourceQuality "1"]
[WhiteTeam "Helsinki RikSha"]
[BlackTeam "Helsinki SSK"]
[WhiteTeamCountry "FIN"]
[BlackTeamCountry "FIN"]

1. Nf3 d5 2. d4 Nc6 3. Bf4 Bg4 4. e3 e6 5. Be2 Bd6 6. Ne5 Bxe2 7. Qxe2 Bxe5 8. dxe5 Nge7 9. 0-0 Qd7 10. c4 Ng6 11. Nc3 Nce7 12. Rfd1 c6 13. Bg3 h5 14. h4 Nf5 15. Bh2 Qe7 16. e4 dxe4 17. g3 Nxe5 18. Nxe4 Ng4 19. c5 0-0 20. Nd6 Nxd6 21. cxd6 Qd8 22. Rac1 Qb6 23. Kg2 Rad8 24. Bg1 Nf6 25. f4 Qa5 26. Rc5 Qxa2 27. Rg5 Nh7 28. Rxh5 f5 29. Qe5 Rf7 30. Kh3 b6 31. d7 Nf8 32. Qc7 Rdxd7 33. Rxd7 Rxd7 34. Qxc6 Qd5 35. Qc8 Qh1+ 36. Bh2 Qf1# 0-1

[Event "FIN-chT1A 0506"]
[Site "Finland"]
[Date "2006.03.11"]
[Round "7.1"]
[White "Joentausta, Hannu"]
[Black "Tahkavuori, Tapani"]
[Result "0-1"]
[WhiteElo "2148"]
[BlackElo "2079"]
[PlyCount "110"]
[EventDate "2005.09.17"]
[EventType "team-tourn"]
[EventRounds "7"]
[EventCountry "FIN"]
[SourceTitle "EXT 2022"]
[Source "ChessBase"]
[SourceDate "2021.10.06"]
[SourceVersion "1"]
[SourceVersionDate "2021.10.06"]
[SourceQuality "1"]
[WhiteTeam "Lahti S"]
[BlackTeam "Helsinki RikSha"]
[WhiteTeamCountry "FIN"]
[BlackTeamCountry "FIN"]

1. e4 c5 2. Nf3 Nc6 3. Bd3 d6 4. c3 Bg4 5. Bc2 e5 6. d3 Be7 7. Nbd2 Nf6 8. 0-0 0-0 9. Qe2 d5 10. h3 Bh5 11. Rd1 Qc7 12. Nf1 h6 13. Ng3 Bg6 14. Nh4 Bh7 15. Nhf5 d4 16. Ba4 Bd6 17. Bxc6 Qxc6 18. f4 Rfe8 19. Nxd6 Qxd6 20. Qf3 dxc3 21. bxc3 exf4 22. Bxf4 Qc6 23. c4 a6 24. Nf1 Bg6 25. Ne3 Bh5 26. g4 Bg6 27. Nd5 Rad8 28. Bxh6 Nxd5 29. exd5 Qa4 30. Bg5 f6 31. Be3 b5 32. cxb5 Bf7 33. bxa6 Bxd5 34. Qf2 Ba8 35. Kh2 c4 36. Qf4 Kh7 37. Qf5+ Kh8 38. Qf4 Qc6 39. Rg1 cxd3 40. Rac1 Qxa6 41. Qf2 Re5 42. g5 fxg5 43. Rxg5 Rxg5 44. Bxg5 Re8 45. Re1 Rxe1 46. Qxe1 Qxa2+ 47. Qd2 Qd5 48. Qf2 Qxg5 49. Qf8+ Kh7 50. Qxa8 Qe5+ 51. Kg2 Qe2+ 52. Kg3 d2 53. Qd5 d1Q 54. Qf5+ Kg8 55. Qc8+ Kf7 0-1

[Event "Helsinki-ch"]
[Site "Helsinki"]
[Date "2005.??.??"]
[Round "7"]
[White "Tahkavuori, Tapani"]
[Black "Hurme, Harri M"]
[Result "0-1"]
[WhiteElo "2086"]
[BlackElo "2196"]
[PlyCount "126"]
[EventDate "2004.12.27"]
[EventType "tourn"]
[EventRounds "9"]
[EventCountry "FIN"]
[SourceTitle "EXT 2009"]
[Source "ChessBase"]
[SourceDate "2008.11.26"]
[SourceVersion "1"]
[SourceVersionDate "2008.11.26"]
[SourceQuality "1"]

1. Nf3 d5 2. d4 Nc6 3. Bf4 Bg4 4. e3 e6 5. c4 Bd6 6. Bxd6 Qxd6 7. Nc3 Nf6 8. cxd5 exd5 9. Be2 0-0 10. 0-0 Rfe8 11. Rc1 a6 12. Na4 Ne4 13. Nc5 b6 14. Nd3 Re7 15. Rxc6 Qxc6 16. Nfe5 Rxe5 17. Nxe5 Bxe2 18. Nxc6 Bxd1 19. Ne7+ Kf8 20. Nxd5 Ba4 21. Rc1 Nd6 22. Nxc7 Rc8 23. Rc3 a5 24. e4 Bd7 25. f3 Ne8 26. Nd5 Rxc3 27. Nxc3 Nc7 28. Kf2 Nb5 29. Nxb5 Bxb5 30. Ke3 Ke7 31. d5 Bc4 32. a3 f6 33. Kd4 Bf1 34. g3 g5 35. f4 h6 36. e5 gxf4 37. gxf4 f5 38. Kc3 Bg2 39. Kc4 Bf1+ 40. Kd4 Kd7 41. Kc3 Kc7 42. Kd4 Be2 43. Kc3 Bd1 44. Kc4 Bc2 45. Kc3 Bb1 46. b3 Be4 47. Kc4 Bc2 48. a4 Bd1 49. Kc3 Be2 50. Kd4 Kd7 51. Kc3 Kd8 52. Kd4 Kc7 53. Kc3 b5 54. axb5 Bxb5 55. Kd4 Be2 56. Kc5 Bd1 57. d6+ Kd7 58. Kb5 Bxb3 59. Kxa5 Kc6 60. Ka6 Be6 61. Ka7 Kd5 62. Kb6 Ke4 63. Kc7 Kxf4 0-1

[Event "Helsinki-ch"]
[Site "Helsinki"]
[Date "2005.??.??"]
[Round "5"]
[White "Tahkavuori, Tapani"]
[Black "Norri, Joose"]
[Result "1/2-1/2"]
[WhiteElo "2086"]
[BlackElo "2421"]
[PlyCount "38"]
[EventDate "2004.12.27"]
[EventType "tourn"]
[EventRounds "9"]
[EventCountry "FIN"]
[SourceTitle "EXT 2009"]
[Source "ChessBase"]
[SourceDate "2008.11.26"]
[SourceVersion "1"]
[SourceVersionDate "2008.11.26"]
[SourceQuality "1"]

1. Nf3 Nf6 2. c4 e6 3. b3 d5 4. Bb2 Be7 5. e3 0-0 6. d4 b6 7. cxd5 exd5 8. Nc3 c5 9. Rc1 Be6 10. dxc5 bxc5 11. Be2 h6 12. 0-0 Nbd7 13. Qd3 Rb8 14. Qa6 c4 15. Na4 Ne4 16. Bd4 cxb3 17. axb3 Rxb3 18. Qxa7 Rb8 19. Qc7 Ra8 1/2-1/2

[Event "Helsinki-ch 2004"]
[Site "Helsinki"]
[Date "2004.??.??"]
[Round "9"]
[White "Luukkonen, Tommi"]
[Black "Tahkavuori, Tapani"]
[Result "1-0"]
[WhiteElo "2154"]
[BlackElo "2083"]
[PlyCount "54"]
[EventDate "2003.12.27"]
[EventType "swiss"]
[EventRounds "9"]
[EventCountry "FIN"]
[SourceTitle "EXT 2022"]
[Source "ChessBase"]
[SourceDate "2021.10.06"]
[SourceVersion "1"]
[SourceVersionDate "2021.10.06"]
[SourceQuality "1"]

1. e4 e5 2. Nf3 Nf6 3. Nxe5 d6 4. Nf3 Nxe4 5. d4 d5 6. Bd3 Bd6 7. 0-0 0-0 8. c4 c6 9. Qc2 Re8 10. Nc3 f5 11. cxd5 cxd5 12. Nxd5 Nc6 13. Re1 Be6 14. Nc3 Nb4 15. Qd1 Nxc3 16. bxc3 Nxd3 17. Qxd3 Bd5 18. Qxf5 Bxf3 19. Bg5 Bxh2+ 20. Kh1 Bxg2+ 21. Kxg2 Qd6 22. Rxe8+ Rxe8 23. Rh1 Rf8 24. Qe4 h6 25. Be7 Qf4 26. Qxf4 Bxf4 27. Bxf8 Kxf8 1-0

[Event "Helsinki-ch"]
[Site "Helsinki"]
[Date "2004.??.??"]
[Round "1"]
[White "Tahkavuori, Tapani"]
[Black "Salimaki, Janne"]
[Result "1/2-1/2"]
[WhiteElo "2086"]
[BlackElo "2214"]
[PlyCount "57"]
[EventDate "2004.12.27"]
[EventType "tourn"]
[EventRounds "9"]
[EventCountry "FIN"]
[SourceTitle "EXT 2009"]
[Source "ChessBase"]
[SourceDate "2008.11.26"]
[SourceVersion "1"]
[SourceVersionDate "2008.11.26"]
[SourceQuality "1"]

1. d4 d5 2. c4 c6 3. e3 Nf6 4. Nf3 e6 5. Nbd2 c5 6. cxd5 exd5 7. dxc5 Bxc5 8. Nb3 Bd6 9. Be2 0-0 10. 0-0 Nc6 11. Nbd4 Ne4 12. Bd2 Re8 13. Rc1 Qf6 14. Bc3 Nxc3 15. Rxc3 Bg4 16. Nb5 Rad8 17. Nxd6 Rxd6 18. Nd4 Bxe2 19. Nxe2 d4 20. Nxd4 Nxd4 21. exd4 Rxd4 22. Qb3 Rd2 23. Qxb7 Rxf2 24. Rf3 Rxf3 25. Qxf3 Qxf3 26. Rxf3 Re2 27. Rf2 Re1+ 28. Rf1 Re2 29. Rf2 1/2-1/2

[Event "Heart of Finland op 12th"]
[Site "Jyvaskyla"]
[Date "2002.??.??"]
[Round "2"]
[White "Nyback, Tomi"]
[Black "Tahkavuori, Tapani"]
[Result "1-0"]
[WhiteElo "2459"]
[BlackElo "2119"]
[PlyCount "45"]
[EventDate "2002.09.??"]
[EventType "swiss"]
[EventRounds "9"]
[EventCountry "FIN"]
[SourceTitle "EXT 2004"]
[Source "ChessBase"]
[SourceDate "2003.11.25"]
[SourceVersion "1"]
[SourceVersionDate "2003.11.25"]
[SourceQuality "1"]

1. Nf3 d5 2. b3 c5 3. e3 Nf6 4. Bb2 e6 5. c4 dxc4 6. Bxc4 Be7 7. 0-0 0-0 8. Qe2 a6 9. d4 Nc6 10. dxc5 Bxc5 11. Nbd2 b5 12. Bd3 Nb4 13. Bb1 Bb7 14. e4 Qe7 15. a3 Nc6 16. e5 Nd5 17. Ne4 Rac8 18. Qc2 Nd4 19. Nxd4 Bxd4 20. Nf6+ Nxf6 21. exf6 Rxc2 22. fxe7 Rxb2 23. Bxh7+ 1-0